Формирование региональных элит: ценности и идеология

Detaylı Bibliyografya
Yazar: Негруль С. В. Светлана Валерьевна
Müşterek Yazar: Томский политехнический университет (ТПУ)
Özet:Монография посвящена ценностным аспектам формирования региональных элит как социальных субъектов. Представлены результаты исследования идеологем и ценностей региональной элиты (на примере Томской области), проведенного в 2003-2004 гг. Анализируется процессуальный аспект формирования ценностей с использованием дискурсного подхода, рассмотрены направления изменения в ценностях. Для специалистов в области социальных и гуманитарных наук, консультантов в сфере регионального управления.
Dil:Rusça
Baskı/Yayın Bilgisi: Томск, Изд-во Томского ун-та, 2005
Konular:
Materyal Türü: Kitap
KOHA link:https://koha.lib.tpu.ru/cgi-bin/koha/opac-detail.pl?biblionumber=151074

MARC

LEADER 00000nam0a2200000 4500
001 151074
005 20231101221532.0
010 |a 5751119282 
035 |a (RuTPU)RU\TPU\book\163808 
090 |a 151074 
100 |a 20090119d2005 k y0rusy50 ca 
101 0 |a rus 
102 |a RU 
105 |a y z 001zy 
200 1 |a Формирование региональных элит: ценности и идеология  |f С. В. Негруль  |g Томский политехнический университет (ТПУ) 
210 |a Томск  |c Изд-во Томского ун-та  |d 2005 
215 |a 150 с. 
320 |a Библиогр.: с. 136-147. 
330 |a Монография посвящена ценностным аспектам формирования региональных элит как социальных субъектов. Представлены результаты исследования идеологем и ценностей региональной элиты (на примере Томской области), проведенного в 2003-2004 гг. Анализируется процессуальный аспект формирования ценностей с использованием дискурсного подхода, рассмотрены направления изменения в ценностях. Для специалистов в области социальных и гуманитарных наук, консультантов в сфере регионального управления. 
606 1 |a Политическая социология  |2 stltpush  |3 (RuTPU)RU\TPU\subj\37792  |9 58601 
610 1 |a социология 
610 1 |a элиты 
610 1 |a политические элиты 
610 1 |a региональные элиты 
610 1 |a формирование 
610 1 |a ценности 
610 1 |a идеология 
610 1 |a Томская область 
610 1 |a труды учёных ТПУ 
610 1 |a региональное управление 
686 |a С55.51  |v LBC/SL-A  |2 rubbk 
700 1 |a Негруль  |b С. В.  |g Светлана Валерьевна 
712 0 2 |a Томский политехнический университет (ТПУ)  |c (1991- )  |2 stltpush  |3 (RuTPU)RU\TPU\col\376 
801 1 |a RU  |b 63413507  |c 20090119  |g PSBO 
801 2 |a RU  |b 63413507  |c 20140529  |g PSBO 
942 |c BK